Loading...
| Literature - British | 0 | 5 | 1 | 1 | 45 | 48 | 88.20 | 0 | 4 | 0.00 | 0.00 |
| Fine Arts - Classical Music | 0 | 5 | 1 | 2 | 45 | 57 | 107.20 | 1 | 3 | 0.00 | 0.00 |
| Literature - European | 0 | 4 | 0 | 0 | 40 | 67 | 79.25 | 1 | 3 | 0.00 | 0.00 |
| Fine Arts - Other | 0 | 4 | 1 | 1 | 35 | 64 | 96.75 | 0 | 2 | 0.00 | 0.00 |
| Literature - American | 0 | 3 | 1 | 2 | 25 | 69 | 117.33 | 0 | 2 | 0.00 | 0.00 |
| Philosophy | 0 | 2 | 0 | 1 | 20 | 53 | 85.50 | 1 | 1 | 0.00 | 0.00 |
| Literature - World | 0 | 2 | 0 | 0 | 20 | 58 | 68.50 | 1 | 2 | 0.00 | 0.00 |
| Religion | 0 | 1 | 0 | 0 | 10 | 122 | 122.00 | 0 | 0 | 0.00 | 0.00 |
| Pop Culture | 0 | 1 | 0 | 0 | 10 | 61 | 61.00 | 1 | 1 | 0.00 | 0.00 |
| History - European | 0 | 1 | 0 | 0 | 10 | 93 | 93.00 | 0 | 0 | 0.00 | 0.00 |
| Other Academic | 0 | 1 | 0 | 0 | 10 | 93 | 93.00 | 0 | 1 | 0.00 | 0.00 |
| History - Other | 0 | 1 | 0 | 0 | 10 | 75 | 75.00 | 0 | 1 | 0.00 | 0.00 |
| Mythology | 0 | 0 | 1 | 0 | -5 | 0.00 | 0 | 0 | 0.00 | 0.00 | |
| Fine Arts - Painting and Sculpture | 0 | 0 | 1 | 0 | -5 | 0.00 | 0 | 0 | 0.00 | 0.00 | |
| Social Science | 0 | 0 | 2 | 0 | -10 | 0.00 | 0 | 0 | 0.00 | 0.00 |